[Event "IECC CL6-2006.05 email"]
[Site "IECC email"]
[Date "2006.04.10"]
[Round "?"]
[White "Ghikas, Athanassios"]
[Black "Masson, Christophe"]
[Result "1-0"]
[WhiteElo "1243"]
[BlackElo "1274"]
[PlyCount "75"]
[EventDate "2006.??.??"]
[EventType "tourn (corr)"]
[EventRounds "4"]
[SourceTitle "Corr 2020"]
[Source "ChessBase"]
[SourceDate "2019.09.30"]
[SourceVersion "1"]
[SourceVersionDate "2019.09.30"]
[SourceQuality "1"]
[WhiteTeam "Greece"]
[BlackTeam "France"]
[WhiteTeamCountry "GRE"]
[BlackTeamCountry "FRA"]

1. d4 Nf6 2. Nc3 e6 3. a3 d5 4. f3 Be7 5. e4 0-0 6. e5 Nfd7 7. Bd3 a6 8. Be3 c6 9. Nh3 f6 10. Nf4 Nb6 11. exf6 Bxf6 12. Nh5 Bg5 13. f4 Bh6 14. g4 g6 15. g5 Bg7 16. Ng3 N8d7 17. Qg4 Qe8 18. 0-0-0 Nc4 19. Bxc4 dxc4 20. h4 b5 21. h5 e5 22. Qh4 exd4 23. hxg6 Qxe3+ 24. Kb1 hxg6 25. Rde1 Qd2 26. Re7 Rf7 27. Re8+ Rf8 28. Qh7+ Kf7 29. Re2 Qxe2 30. Ncxe2 Rh8 31. Qxh8 Bxh8 32. Rxh8 d3 33. cxd3 cxd3 34. Nd4 Bb7 35. Rh7+ Ke8 36. Ne4 Kf8 37. Ne6+ Kg8 38. Rxd7 1-0

[Event "IECC O-2366"]
[Site "IECC email"]
[Date "2006.03.14"]
[Round "?"]
[White "Seep, Elmar"]
[Black "Masson, Christophe"]
[Result "0-1"]
[WhiteElo "1284"]
[BlackElo "1200"]
[PlyCount "50"]
[EventDate "2006.??.??"]
[EventType "swiss (corr)"]
[EventRounds "2"]
[SourceTitle "Corr 2020"]
[Source "ChessBase"]
[SourceDate "2019.09.30"]
[SourceVersion "1"]
[SourceVersionDate "2019.09.30"]
[SourceQuality "1"]
[WhiteTeam "Estonia"]
[BlackTeam "France"]
[WhiteTeamCountry "EST"]
[BlackTeamCountry "FRA"]

1. e4 c5 2. Nf3 d6 3. d4 cxd4 4. Nxd4 Nf6 5. Nc3 e6 6. Be2 Be7 7. 0-0 0-0 8. Be3 a6 9. Qd2 Nbd7 10. f4 Qc7 11. Rad1 b5 12. a3 Bb7 13. Bd3 Nc5 14. Ndxb5 axb5 15. Nxb5 Qc6 16. Nd4 Qc8 17. e5 dxe5 18. fxe5 Ng4 19. Bf4 f6 20. exf6 Bxf6 21. Nf3 e5 22. Bc4+ Kh8 23. Bg3 Ne4 24. Qe2 Nxg3 25. hxg3 Qc5+ 0-1